000 00685nam a2200265Ia 4500
005 20260121170645.0
008 008 260114s9999 xx 000 0 eng d
020 _a9783319788289
037 _aEBOOK
040 _aCRL
040 _beng
040 _cCRL
041 _2eng
041 _aeng
084 _qCRL
100 _aAndrea Dolfini, Rachel J. Crellin, Christian Horn, Marion Uckelmann
_91066569
245 0 _aPrehistoric Warfare and Violence
260 _bSpringer
260 _bSpringer
260 _c2018
856 _uhttps://link.springer.com/openurl?genre=book&isbn=978-3-319-78828-9
942 _cEBOOK
999 _c1632299
_d1632299